000 00469nam a2200157Ia 4500
003 OSt
005 20230527112258.0
008 211028s2008 xx 000 0 und d
040 _cAIMIT LIBRARY
041 _aeng
100 _aRodrigues, Alfreeda Zita; Maheshwari, Uma.
_g60471503
_98978
110 _aUma Maheshwari
_98979
245 _aMolecular docking studies on cholinesterase inhibitors for Alzheimers disease.
260 _aMangalore
_c2008
942 _2ddc
_cPRO
999 _c220152
_d220152